000 00791nam a2200253Ia 4500
003 OSt
005 20220918171303.0
006 a|||||r|||| 00| 0
007 ta
008 220917b |||||||| |||| 00| 0 eng d
020 _a9781472422842 (hbk)
_c5944.19
024 _a281,844
037 _bCBS/171, 05/11/2014, Classic Book Service
_cTextual
040 _aARTS
_cARTS
_beng
041 _2eng
_aeng
082 _aV2y7M69, Q4
100 _aVeeravalli Anuradha
_935438
245 0 _aGandhi in political theory
_b Truth, law and experiment
260 _aSurrey
_bAshgate England
_c2014
300 _ax, 154p.
_ccm.
650 _aHISTORY
942 _hV2y7M69, Q4
_cTEXL
_2CC
999 _c138804
_d138804